000
00268nam a2200097Ia 4500
082
_a
731 LEAP
245
0
_a
Beginner's guide to sculpture
100
_a
LEAPER, Chloe Enderby, Leicester, 2003
_9
94027
942
_c
BK
008
210817s9999 xx 000 0 und d
999
_c
384602
_d
384601